000 00808nam a2200277 i 4500
003 DO-SdBNP
005 20240306172149.0
007 ta
008 230414b2005 mx ||||| |||| 00| 0 spa d
020 _a9789707803824
040 _aDO-SdBNP
_bspa
_cBNPHU
_erda
082 4 _222
100 1 _aAllende, Isabel,
_d1942-
_924166
245 1 0 _aCuentos de Eva Luna :
_bcontemporánea /
_cIsabel Allende
264 _aMéxico :
_bRandom House Mondadori,
_c2005.
300 _a277 p. ;
_c19 cm.
336 _2rdacontent
_atexto
_btxt
337 _2rdamedia
_asin mediación
_bn
338 _2rdacarrier
_avolumen
_bnc
490 1 _aBiblioteca
490 1 _aDebols!llo
500 _aLa biblioteca posee la 3a. reimpresión del 2009.
590 _aInventariado, 2023/BT
910 _aBtavárez
942 _2ddc
_cLBS1
999 _c53267
_d53267